Discrete Mathematics Across the Curriculum, K-12 (Record no. 19160)
[ view plain ]
| 000 -LEADER | |
|---|---|
| fixed length control field | 00531nam a22001457a 4500 |
| 008 - FIXED-LENGTH DATA ELEMENTS--GENERAL INFORMATION | |
| fixed length control field | 211130b |||||||| |||| 00| 0 eng d |
| 020 ## - INTERNATIONAL STANDARD BOOK NUMBER | |
| International Standard Book Number | 0873533054 |
| 050 ## - LIBRARY OF CONGRESS CALL NUMBER | |
| Classification number | QA11 |
| Item number | .D57 1991 |
| 245 ## - TITLE STATEMENT | |
| Title | Discrete Mathematics Across the Curriculum, K-12 |
| Remainder of title | 1991 Yearbook |
| Statement of responsibility, etc. | Edited by Margaret J. Kenny & Christian R. Hirsch |
| 260 ## - PUBLICATION, DISTRIBUTION, ETC. (IMPRINT) | |
| Place of publication, distribution, etc. | Virginia |
| Name of publisher, distributor, etc. | National Council of Teachers of Mathematics |
| Date of publication, distribution, etc. | 1991 |
| 300 ## - PHYSICAL DESCRIPTION | |
| Extent | viii, 248p. |
| 650 ## - SUBJECT ADDED ENTRY--TOPICAL TERM | |
| Topical term or geographic name as entry element | Mathematics |
| Form subdivision | study and teaching |
| 650 ## - SUBJECT ADDED ENTRY--TOPICAL TERM | |
| Topical term or geographic name as entry element | Computer science |
| Form subdivision | study and teaching |
| 942 ## - ADDED ENTRY ELEMENTS (KOHA) | |
| Source of classification or shelving scheme | Library of Congress Classification |
| Koha item type | General Collection |
| Withdrawn status | Lost status | Source of classification or shelving scheme | Not for loan | Home library | Current library | Date acquired | Full call number | Barcode | Date last seen | Price effective from | Koha item type |
|---|---|---|---|---|---|---|---|---|---|---|---|
| Library of Congress Classification | Kabarak, Main Campus | Kabarak, Main Campus | 30/11/2021 | QA11 .D57 1991 c.1 | 030988 | 30/11/2021 | 30/11/2021 | General Collection |